00587nam a22001697a 450000500170000001000150001702000270003203500140005903700130007308200100008624500780009626000680017427000820024230000210032450000500034570000220039520191213144426.0 aENG-127131 c1395.00a9789388881203 aEN-110663 bDBAD/PUB a539.7 aAdvances in nuclear physics and condensed matter /ced.by Lakshmi K.Singh aAssambEBH Publishers (an imprint of Eastern book House )c2020 a136, M.L.Nehru Road, PanbazarbGuwahatie781001k2513876measternbookhouse.in a288p.c23cm(pbk) aIncludes bibliographical references and index aSingh, Lakshmi K.